Korea's heritage : A regional & social geography
This book introduce Korean peninsula, the land of Korea, the historical development of Korea, the political pattern on Korea, the Korean population pattern...
Đã lưu trong:
| 主要作者: | |
|---|---|
| 格式: | 圖書 |
| 語言: | Undetermined |
| 出版: |
Tokyo
Rutland Vermont
1956
|
| 主題: | |
| 標簽: |
添加標簽
沒有標簽, 成為第一個標記此記錄!
|
| Thư viện lưu trữ: | Trung tâm Học liệu Trường Đại học Cần Thơ |
|---|
| LEADER | 00748nam a2200217Ia 4500 | ||
|---|---|---|---|
| 001 | CTU_228877 | ||
| 008 | 210402s9999 xx 000 0 und d | ||
| 082 | |a 915.195 | ||
| 082 | |b M478 | ||
| 100 | |a McCune, Shannon | ||
| 245 | 0 | |a Korea's heritage : | |
| 245 | 2 | |b A regional & social geography | |
| 245 | 0 | |c Shannon McCune | |
| 260 | |a Tokyo | ||
| 260 | |b Rutland Vermont | ||
| 260 | |c 1956 | ||
| 520 | |a This book introduce Korean peninsula, the land of Korea, the historical development of Korea, the political pattern on Korea, the Korean population pattern... | ||
| 650 | |a Hàn Quốc,Korea | ||
| 650 | |x Mô tả và du hành,Description and travel | ||
| 910 | |b dqhieu | ||
| 980 | |a Trung tâm Học liệu Trường Đại học Cần Thơ | ||